| Поле | Название | Значение |
| |
Тип записи |
c |
| |
Библиографический уровень |
m |
| 001 |
Контрольный номер |
UONB/MAIN/052f040487614ad5a5eb1cc57afffa5a |
| 005 |
Дата корректировки |
20260317143601.5 |
| 010 |
Индекс ISBN |
__ |
| 9 |
Тираж |
9000 экз. |
| 013 |
Номер (ISMN) |
__ |
| d |
Цена |
70 к. |
| 071 |
Издательские номер (звукозапись и ноты) |
21 |
| a |
Номер, присвоенный агентством |
1162 |
| 100 |
Данные общей обработки |
__ |
| a |
Данные общей обработки |
20260317d1984 d y0rusy0189 ca |
| 101 |
Язык документа |
0_ |
| a |
Язык текста |
rus |
| f |
Язык титульного листа |
rus |
| 102 |
Страна публикации |
__ |
| a |
Страна публикации |
RU |
| 125 |
Кодированные данные звукозаписи и нотных изданий |
__ |
| a |
Форма изложения нотного текста |
с |
| 128 |
Кодированные данные (звукозаписи-физические характеристики) |
__ |
| a |
Кодированные данные: Музыкальная форма и тональность или лад |
sg |
| b |
Инструменты или голоса, необходимые для ансамблей (устаревшее) |
cd |
| 200 |
Заглавие и сведения об ответственности |
1_ |
| a |
Заглавие |
Сколько нас? |
| e |
Сведения, относящиеся к заглавию |
песни для детей |
| e |
Сведения, относящиеся к заглавию |
[для фортепиано (баяна) с надписанным текстом и для детского хора без сопровождения] |
| f |
Первые сведения об ответственности |
О. Хромушин |
| 203 |
Вид содержания и тип средства |
__ |
| a |
Вид содержания |
Музыка |
| b |
Характеристика содержания |
знаковая |
| c |
Тип средства |
непосредственная |
| 210 |
Выходные данные |
1_ |
| a |
Место издания |
Ленинград |
| c |
Издательство |
Советский композитор |
| d |
Дата издания |
1984 |
| 215 |
Физическое описание |
__ |
| a |
Объем |
46 с. |
| c |
Иллюстрации/тип воспроизводства |
портр. |
| d |
Формат |
29 см |
| 225 |
Серия |
1_ |
| a |
Серия |
Композиторы - детям |
| 327 |
Примечание о содержании |
11 |
| a |
Примечание о содержании |
Содерж.: Вот здорово! ; Девочка с косичками ; Мамин день ; Будильник ; Сколько нас! / сл. Л. Куклина. Солнечный рисунок / сл. М. Садовского. Корабль "Пионер" / сл. В. Суслова. Вечерняя песня / сл. Б. Першуткина. Песня корчагинцев / сл. В. Шошина. Прощание со школой / сл. М. Линцова. Что такое лужа! / сл. Крупицкой. Ученый кот / сл. В. Орлова. Наша звездочка / сл. Б. Гершта. Песенка о корове / сл. В. Орлова. Колыбельная / сл. А. Домнина |
| 464 |
Аналитический уровень |
_0 |
| 1 |
|
036 |
| t |
|
Любим мы кувыркаться в траве... |
| 1 |
|
702 1 |
| a |
|
Куклин |
| b |
|
Л. |
| 4 |
|
520 |
| 1 |
|
2001 |
| a |
|
Вот здорово! |
| 464 |
Аналитический уровень |
_0 |
| 1 |
|
036 |
| t |
|
В большом приморском городе... |
| 1 |
|
702 1 |
| a |
|
Куклин |
| b |
|
Л. |
| 4 |
|
520 |
| 1 |
|
2001 |
| a |
|
Девочка с косичками |
| 464 |
Аналитический уровень |
_0 |
| 1 |
|
036 |
| t |
|
Окончились морозы... |
| 1 |
|
702 1 |
| a |
|
Куклин |
| b |
|
Л. |
| 4 |
|
520 |
| 1 |
|
2001 |
| a |
|
Мамин день |
| 464 |
Аналитический уровень |
_0 |
| 1 |
|
036 |
| t |
|
Ну какой же он будильник?.. |
| 1 |
|
2001 |
| a |
|
Будильник |
| 464 |
Аналитический уровень |
_0 |
| 1 |
|
036 |
| t |
|
Из-за гор великанских... |
| 1 |
|
702 1 |
| a |
|
Куклин |
| b |
|
Л. |
| 4 |
|
520 |
| 1 |
|
2001 |
| a |
|
Сколько нас! |
| 464 |
Аналитический уровень |
_0 |
| 1 |
|
036 |
| t |
|
Солнечные тоненькие струны... |
| 1 |
|
702 1 |
| a |
|
Садовский |
| b |
|
М. |
| 4 |
|
520 |
| 1 |
|
2001 |
| a |
|
Солнечный рисунок |
| 464 |
Аналитический уровень |
_0 |
| 1 |
|
036 |
| t |
|
По заливам и проливам... |
| 1 |
|
702 1 |
| a |
|
Суслов |
| b |
|
В. |
| 4 |
|
520 |
| 1 |
|
2001 |
| a |
|
Корабль "Пионер" |
| 464 |
Аналитический уровень |
_0 |
| 1 |
|
036 |
| t |
|
Мы вечерней порой снова вместе сидим у костра... |
| 1 |
|
702 1 |
| a |
|
Першуткин |
| b |
|
Б. |
| 4 |
|
520 |
| 1 |
|
2001 |
| a |
|
Вечерняя песня |
| 464 |
Аналитический уровень |
_0 |
| 1 |
|
036 |
| t |
|
Юность не спит... |
| 1 |
|
702 1 |
| a |
|
Шошин |
| b |
|
В. |
| 1 |
|
2001 |
| a |
|
Песня корчагинцев |
| 464 |
Аналитический уровень |
_0 |
| 1 |
|
036 |
| t |
|
Все озаренное солнечным светом... |
| 1 |
|
702 1 |
| a |
|
Линцов |
| b |
|
М. |
| 4 |
|
520 |
| 1 |
|
2001 |
| a |
|
Прощание со школой |
| 464 |
Аналитический уровень |
_0 |
| 1 |
|
702 1 |
| a |
|
Крупицкая |
| b |
|
А. |
| 4 |
|
520 |
| 1 |
|
2001 |
| a |
|
Что такое лужа! |
| 464 |
Аналитический уровень |
_0 |
| 1 |
|
036 |
| t |
|
Мой маленький котенок... |
| 1 |
|
702 1 |
| a |
|
Орлов |
| b |
|
В. |
| 4 |
|
520 |
| 1 |
|
2001 |
| a |
|
Ученый кот |
| 464 |
Аналитический уровень |
_0 |
| 1 |
|
036 |
| t |
|
На заре труба играет... |
| 1 |
|
702 1 |
| a |
|
Гершт |
| b |
|
Б. |
| 4 |
|
520 |
| 1 |
|
2001 |
| a |
|
Наша звездочка |
| 464 |
Аналитический уровень |
_0 |
| 1 |
|
036 |
| t |
|
Сколько песен очень милых!.. |
| 1 |
|
702 1 |
| a |
|
Орлов |
| b |
|
В. |
| 4 |
|
520 |
| 1 |
|
2001 |
| a |
|
Песенка о корове |
| 464 |
Аналитический уровень |
_0 |
| 1 |
|
036 |
| t |
|
Баю-баюшеньки-баю, тебе я песенку спою... |
| 1 |
|
702 1 |
| a |
|
Домнин |
| b |
|
А. |
| 4 |
|
520 |
| 1 |
|
2001 |
| a |
|
Колыбельная |
| 606 |
Тематические рубрики |
0_ |
| a |
Основная рубрика |
Детские песни советских композиторов |
| x |
Основная подрубрика |
Хоровые произведения для детей и юношества |
| x |
Основная подрубрика |
Хоровое пение детское |
| 606 |
Тематические рубрики |
0_ |
| a |
Основная рубрика |
Фортепиано - нотные издания |
| x |
Основная подрубрика |
Песни для детей |
| x |
Основная подрубрика |
Детские песни советских композиторов |
| 610 |
Ключевые слова |
0_ |
| a |
Ключевые слова |
детские песни советских композиторов; хоровое пение детское; хоровые произведения для детей и юношества; фортепиано - нотные издания |
| 686 |
Индексы других классификаций |
__ |
| a |
Классификационный индекс |
85.984.22(2)я44 |
| 2 |
Код системы |
rubbk |
| 686 |
Индексы других классификаций |
__ |
| a |
Классификационный индекс |
85.954.2(2)я44 |
| 2 |
Код системы |
rubbk |
| 700 |
Автор |
_1 |
| a |
Фамилия |
Хромушин |
| b |
Имя (инициалы) |
О. Н. |
| g |
Полное личное имя |
Олег Николаевич |
| 801 |
Источник записи |
_0 |
| a |
Страна |
RU |
| b |
Организация |
Ульяновская ОНБ |
| c |
Дата составления |
20260317 |
| g |
Правила каталогизации |
RCR |
| 801 |
Источник записи |
_1 |
| a |
Страна |
RU |
| b |
Организация |
Ульяновская ОНБ |
| c |
Дата составления |
20260317 |
| 901 |
Тип документа |
__ |
| t |
Тип документа |
m |
| 909 |
Создатель записи |
__ |
| a |
Создатель записи |
Никитина Т. А. |
| b |
Дата создания записи |
20260317 |